00711nas a2200229Ia 4500001001200000003001000012008004100022040002500063041001300088100003000101210001000131222001000141245005300151250001100204260000900215501012300224300001400347362002900361500003200390650003600422700002300458dd34-46657 IT-MiCISF161014c99999999xx |||||||||||| ||und|| aIT-MiCISFcIT-MiCISF aITALIANO aVitiello Maria Antonietta aRocca aRocca 0aQuando il partner diventa un nemico da abbattere a1a ed. c2009 bCISF - Centro Internazionale Studi Famiglia - Via Giotto, 36 20145 MILANO (non commercial uses only)cCopyright 2016 app. 36-39 a n. 12, 15 giugno [2009] a Tema: divorzio, mediazione aFAMIGLIA - divorziovintervista a Andruccioli Paolo